|
|
|
|
| LEADER |
00000nam0a2200000 4500 |
| 001 |
142141 |
| 005 |
20231031142644.0 |
| 010 |
|
|
|a 5335006293
|
| 020 |
|
|
|a RU
|b 91-1476
|
| 035 |
|
|
|a (RuTPU)RU\TPU\book\154047
|
| 090 |
|
|
|a 142141
|
| 100 |
|
|
|a 20080902d1990 k a0rusy5003 ca
|
| 101 |
0 |
|
|a rus
|
| 102 |
|
|
|a UA
|
| 105 |
|
|
|a a z 001zy
|
| 200 |
1 |
|
|a Резервы роста производительности труда в промышленности
|f А. Г. Янковой, В. Л. Ясинский, С. И. Воин
|
| 210 |
|
|
|a Киев
|c Тэхника
|d 1990
|
| 215 |
|
|
|a 157 с.
|c ил.
|
| 225 |
1 |
|
|a Производительность труда - самое важное, самое главное
|
| 320 |
|
|
|a Библиогр.: с. 155-157.
|
| 610 |
1 |
|
|a производительность труда
|
| 610 |
1 |
|
|a промышленность
|
| 675 |
|
|
|a 658.310.16
|v 3
|
| 700 |
|
1 |
|a Янковой
|b А. Г.
|g Александр Григорьевич
|
| 701 |
|
1 |
|a Ясинский
|b В. Л.
|g Виктор Лаврентьевич
|
| 701 |
|
1 |
|a Воин
|b С. И.
|g Сергей Иванович
|
| 801 |
|
0 |
|a RU
|b RuMRKP
|c 19950417
|g psbo
|
| 801 |
|
1 |
|a RU
|b 63413507
|c 20080902
|g PSBO
|
| 801 |
|
2 |
|a RU
|b 63413507
|c 20090427
|g PSBO
|
| 942 |
|
|
|c BK
|